[Event "GER-ch U25-A"]
[Site "Willingen"]
[Date "2023.05.31"]
[Round "6"]
[White "Gerlach, Felix Tobias"]
[Black "Bold, Andre"]
[Result "1/2-1/2"]
[WhiteElo "2078"]
[BlackElo "2194"]
[PlyCount "44"]
[EventDate "2023.05.27"]
[EventType "swiss"]
[EventRounds "9"]
[EventCountry "GER"]
[SourceTitle "CBM 214 Extra"]
[Source "ChessBase"]
[SourceDate "2023.07.31"]
[SourceVersion "1"]
[SourceVersionDate "2023.07.31"]
[SourceQuality "1"]

1. Nf3 Nf6 2. g3 d5 3. Bg2 c6 4. 0-0 Bf5 5. d3 h6 6. c4 e6 7. cxd5 cxd5 8. Qb3 Qb6 9. Qxb6 axb6 10. Nc3 Bc5 11. Nb5 0-0 12. a3 Nc6 13. Bf4 Rfc8 14. b4 Be7 15. Rfc1 g5 16. Bd6 Kf8 17. h4 g4 18. Nd2 e5 19. e4 dxe4 20. dxe4 Be6 21. Rc2 Nd4 22. Bxe7+ Kxe7 1/2-1/2

[Event "Vellmar op 11th"]
[Site "Vellmar"]
[Date "2019.07.07"]
[Round "6"]
[White "Fuss, Jean Pierre"]
[Black "Gerlach, Felix Tobias"]
[Result "1-0"]
[WhiteElo "1957"]
[BlackElo "2097"]
[PlyCount "53"]
[EventDate "2019.07.04"]
[EventType "swiss"]
[EventRounds "7"]
[EventCountry "GER"]
[SourceTitle "CBM 191 Extra"]
[Source "ChessBase"]
[SourceDate "2019.09.30"]
[SourceVersion "1"]
[SourceVersionDate "2019.09.30"]
[SourceQuality "1"]

1. Nf3 Nf6 2. g3 d5 3. Bg2 e6 4. 0-0 Be7 5. d4 0-0 6. c4 dxc4 7. Nc3 Nc6 8. e4 Rb8 9. a4 a6 10. Bf4 Na5 11. Qe2 Ne8 12. Rfd1 Bb4 13. d5 Qe7 14. e5 h6 15. d6 cxd6 16. exd6 Bxd6 17. Rxd6 Nxd6 18. Qe5 Rd8 19. Qxa5 g5 20. Be3 Nf5 21. Bc5 Qe8 22. Ne4 Kg7 23. Qc7 Bd7 24. Qe5+ Kg6 25. Qf6+ Kh7 26. Nfxg5+ Kg8 27. Qe5 1-0

[Event "Vellmar op 11th"]
[Site "Vellmar"]
[Date "2019.07.04"]
[Round "1"]
[White "Daday, Csaba"]
[Black "Gerlach, Felix Tobias"]
[Result "0-1"]
[WhiteElo "1688"]
[BlackElo "2097"]
[PlyCount "44"]
[EventDate "2019.07.04"]
[EventType "swiss"]
[EventRounds "7"]
[EventCountry "GER"]
[SourceTitle "CBM 191 Extra"]
[Source "ChessBase"]
[SourceDate "2019.09.30"]
[SourceVersion "1"]
[SourceVersionDate "2019.09.30"]
[SourceQuality "1"]

1. d4 Nf6 2. Nf3 c5 3. d5 b5 4. Bg5 Bb7 5. Bxf6 exf6 6. c4 b4 7. e4 g6 8. Bd3 Bg7 9. Qc2 0-0 10. h4 Re8 11. Nbd2 a5 12. h5 d6 13. hxg6 hxg6 14. e5 dxe5 15. 0-0-0 f5 16. Bxf5 gxf5 17. Qxf5 Nd7 18. Ne4 Nf6 19. Nxe5 Bc8 20. Nxf6+ Qxf6 21. Qxf6 Bxf6 22. Nd3 Bf5 0-1

[Event "GER-ch U25-A"]
[Site "Willingen"]
[Date "2019.06.12"]
[Round "6"]
[White "Kracht, Raphael"]
[Black "Gerlach, Felix Tobias"]
[Result "1/2-1/2"]
[WhiteElo "1976"]
[BlackElo "2079"]
[PlyCount "50"]
[EventDate "2019.06.08"]
[EventType "swiss"]
[EventRounds "9"]
[EventCountry "GER"]
[SourceTitle "CBM 191 Extra"]
[Source "ChessBase"]
[SourceDate "2019.09.30"]
[SourceVersion "1"]
[SourceVersionDate "2019.09.30"]
[SourceQuality "1"]

1. e4 e5 2. Nf3 Nc6 3. Bb5 a6 4. Bxc6 dxc6 5. 0-0 Bd6 6. d4 exd4 7. Qxd4 f6 8. Nc3 Be6 9. Be3 Ne7 10. Rad1 0-0 11. h3 Ng6 12. Qd2 Qe7 13. Nd4 Rad8 14. Qe2 Bc8 15. Rfe1 Rfe8 16. Nf5 Qe5 17. Nxd6 cxd6 18. Bb6 Rd7 19. g3 Qe6 20. Qh5 Rde7 21. b3 Qxh3 22. Qxh3 Bxh3 23. Rxd6 f5 24. Bd8 Re6 25. Rxe6 Rxe6 1/2-1/2

[Event "Pfalz op 10th"]
[Site "Neustadt an der Weinstrasse"]
[Date "2019.03.02"]
[Round "2"]
[White "Burmakin, Vladimir"]
[Black "Gerlach, Felix Tobias"]
[Result "1-0"]
[WhiteElo "2482"]
[BlackElo "2036"]
[PlyCount "63"]
[EventDate "2019.03.01"]
[EventType "swiss"]
[EventRounds "9"]
[EventCountry "GER"]
[SourceTitle "CBM 189 Extra"]
[Source "ChessBase"]
[SourceDate "2019.06.03"]
[SourceVersion "1"]
[SourceVersionDate "2019.06.03"]
[SourceQuality "1"]

1. d4 g6 2. e4 Bg7 3. Nf3 d6 4. Bd3 Nf6 5. 0-0 0-0 6. c3 c5 7. d5 e6 8. dxe6 fxe6 9. e5 dxe5 10. Nxe5 Qc7 11. Qe2 Nh5 12. Re1 Nd7 13. Nf3 Ndf6 14. Na3 Nd5 15. g3 Bd7 16. Ng5 Nhf6 17. Nxe6 Bxe6 18. Qxe6+ Kh8 19. Nb5 Qa5 20. Nd6 Qc7 21. Bg5 a6 22. Ne4 Rae8 23. Qh3 Nxe4 24. Rxe4 Qf7 25. Qg2 Rxe4 26. Bxe4 Nc7 27. Bxb7 Rb8 28. Bf4 g5 29. Bxg5 Ne6 30. Bd5 Rxb2 31. Re1 Qf5 32. Bxe6 1-0

[Event "London Classic op 10th"]
[Site "London"]
[Date "2018.12.15"]
[Round "7"]
[White "Martinez, Ayelen"]
[Black "Gerlach, Felix Tobias"]
[Result "1-0"]
[WhiteElo "2185"]
[BlackElo "2050"]
[PlyCount "75"]
[EventDate "2018.12.09"]
[EventType "swiss"]
[EventRounds "9"]
[EventCountry "ENG"]
[SourceTitle "CBM 187 Extra"]
[Source "ChessBase"]
[SourceDate "2018.11.04"]
[SourceVersion "1"]
[SourceVersionDate "2018.11.04"]
[SourceQuality "1"]

1. e4 e5 2. Nf3 Nc6 3. Bb5 a6 4. Ba4 Nf6 5. 0-0 Be7 6. Re1 b5 7. Bb3 d6 8. c3 0-0 9. h3 Na5 10. Bc2 c5 11. d4 Qc7 12. Nbd2 cxd4 13. cxd4 Bd7 14. Nf1 Rac8 15. Bd3 Rfe8 16. Ng3 Nc6 17. d5 Nb4 18. Bg5 Nxd3 19. Qxd3 h6 20. Bd2 Qb7 21. Qa3 Rc4 22. Rac1 Rec8 23. Rxc4 Rxc4 24. Bb4 Qc7 25. Nxe5 Rxb4 26. Nxd7 Ra4 27. Nxf6+ Bxf6 28. Qb3 Qc4 29. Qf3 Bxb2 30. Nf5 Qb4 31. Re2 Rxa2 32. g3 Ra1+ 33. Kh2 Be5 34. Rc2 Qe1 35. Ne7+ Kf8 36. Ng6+ Kg8 37. Rc8+ Kh7 38. Rh8+ 1-0

[Event "London Classic op 10th"]
[Site "London"]
[Date "2018.12.11"]
[Round "3"]
[White "Hill, Alistair"]
[Black "Gerlach, Felix Tobias"]
[Result "0-1"]
[WhiteElo "2219"]
[BlackElo "2050"]
[PlyCount "70"]
[EventDate "2018.12.09"]
[EventType "swiss"]
[EventRounds "9"]
[EventCountry "ENG"]
[SourceTitle "CBM 187 Extra"]
[Source "ChessBase"]
[SourceDate "2018.11.04"]
[SourceVersion "1"]
[SourceVersionDate "2018.11.04"]
[SourceQuality "1"]

1. d4 Nf6 2. c4 g6 3. Nc3 Bg7 4. e4 d6 5. Be2 0-0 6. Bg5 c5 7. d5 e6 8. Nf3 exd5 9. cxd5 h6 10. Bf4 g5 11. Be3 b5 12. Qc2 b4 13. Nd1 Re8 14. Nd2 Ba6 15. Bxa6 Nxa6 16. 0-0 Nc7 17. Re1 Nh5 18. Nf1 Qf6 19. a3 bxa3 20. Rxa3 Qg6 21. Qa4 Qxe4 22. Qc6 Nf4 23. f3 Qc2 24. Nf2 Nfxd5 25. Rd3 Nb4 26. Qxd6 Nxd3 27. Nxd3 Rad8 28. Qxc7 Rxd3 29. Qc6 Rdxe3 30. Rxe3 Rxe3 31. Nxe3 Bd4 32. Qe8+ Kg7 33. Qe5+ Bxe5 34. Nxc2 Bxb2 35. Kf2 a5 0-1

[Event "GER-ch U25-A"]
[Site "Willingen"]
[Date "2018.05.21"]
[Round "3"]
[White "Matthes, Aaron"]
[Black "Gerlach, Felix Tobias"]
[Result "0-1"]
[WhiteElo "1803"]
[BlackElo "1963"]
[PlyCount "120"]
[EventDate "2018.05.19"]
[EventType "swiss"]
[EventRounds "9"]
[EventCountry "GER"]
[SourceTitle "CBM 184 Extra"]
[Source "ChessBase"]
[SourceDate "2018.06.28"]
[SourceVersion "1"]
[SourceVersionDate "2018.06.28"]
[SourceQuality "1"]

1. e4 c5 2. Nf3 d6 3. c3 Nf6 4. Be2 g6 5. Qc2 Bg7 6. d4 0-0 7. 0-0 Nbd7 8. Rd1 cxd4 9. cxd4 b6 10. Nc3 Bb7 11. Be3 Rc8 12. Bd3 Ng4 13. Bg5 h6 14. Bh4 Nb8 15. h3 Nf6 16. a3 Nh5 17. Rac1 g5 18. Bg3 Nxg3 19. fxg3 a6 20. Qe2 b5 21. Kh1 e6 22. Bb1 Qe7 23. Qd3 Rfd8 24. b4 Nd7 25. g4 Nf8 26. Ne2 Ng6 27. Qe3 Rc6 28. Rxc6 Bxc6 29. Rc1 Qb7 30. Rc3 Ra8 31. Qc1 Rc8 32. Bd3 Kf8 33. Qc2 Ke8 34. e5 Ne7 35. exd6 Nd5 36. Rc5 Ne3 37. Qc1 Nd5 38. Ne5 Bxe5 39. dxe5 Nb6 40. Qe3 Nd7 41. Rc1 Bxg2+ 42. Kh2 Rxc1 43. Nxc1 Bh1 44. Bf1 Qe4 45. Qc3 Qc6 46. Qxc6 Bxc6 47. Nd3 Bd5 48. Nc5 Nxe5 49. Nxa6 Bc4 50. Bxc4 bxc4 51. Nc5 c3 52. Kg3 c2 53. Nb3 Nd3 54. b5 Kd7 55. b6 Kxd6 56. a4 c1Q 57. Nxc1 Nxc1 58. a5 Kc6 59. Kf3 Nb3 60. Ke4 f6 0-1

[Event "Ruhrgebiet Verbandsklasse Gruppe 3 1617"]
[Site "Germany"]
[Date "2016.10.30"]
[Round "3.1"]
[White "Gerlach, Felix Tobias"]
[Black "Patzer, Joerg"]
[Result "1/2-1/2"]
[WhiteElo "1880"]
[BlackElo "1937"]
[PlyCount "150"]
[EventDate "2016.09.04"]
[EventType "team-tourn"]
[EventRounds "9"]
[EventCountry "GER"]
[SourceTitle "EXT 2022"]
[Source "ChessBase"]
[SourceDate "2021.10.06"]
[SourceVersion "1"]
[SourceVersionDate "2021.10.06"]
[SourceQuality "1"]
[WhiteTeam "Recklinghausen Laeufer Ost"]
[BlackTeam "Horst Emscher II"]
[WhiteTeamCountry "GER"]
[BlackTeamCountry "GER"]

1. e4 d6 2. d4 g6 3. Nc3 Bg7 4. f4 c6 5. Nf3 Bg4 6. Be3 d5 7. e5 e6 8. h3 Bxf3 9. Qxf3 h5 10. g3 Ne7 11. Bd3 Nd7 12. 0-0 Nf5 13. Bf2 Qe7 14. Ne2 0-0-0 15. Kg2 Kb8 16. c3 Rc8 17. g4 hxg4 18. hxg4 Nh4+ 19. Bxh4 Rxh4 20. Rh1 Rch8 21. Ng3 Rxh1 22. Rxh1 Rxh1 23. Nxh1 c5 24. a3 cxd4 25. cxd4 Bf8 26. Ng3 f5 27. exf6 Qxf6 28. Qe3 Bd6 29. Ne2 a6 30. Qc1 Nf8 31. g5 Qf7 32. Qf1 Kc7 33. Qf2 Kd8 34. Qh4 Qg8 35. Ng1 Ke7 36. Nf3 Kf7 37. Ne5+ Bxe5 38. fxe5 Ke8 39. Kg3 Qg7 40. Qf4 Qh7 41. Qf3 Qf7 42. Qxf7+ Kxf7 43. Kf4 Nd7 44. Ke3 Nf8 45. b4 Nh7 46. Kf4 Nf8 47. a4 Nd7 48. a5 Nb8 49. b5 axb5 50. Bxb5 Ke7 51. Ke3 Nd7 52. Kd2 Nf8 53. Kc3 Nh7 54. Bc6 Nxg5 55. Bxb7 Kd7 56. Ba6 Ne4+ 57. Kb4 g5 58. Be2 Nf2 59. a6 Kc7 60. a7 Kb7 61. a8Q+ Kxa8 62. Kc5 g4 63. Kd6 g3 64. Bf1 Ng4 65. Kxe6 Ne3 66. Bh3 g2 67. Bxg2 Nxg2 68. Kxd5 Kb8 69. Ke6 Kc8 70. Kf7 Ne3 71. e6 Nc4 72. Ke7 Kc7 73. d5 Nd6 74. Kf6 Ne8+ 75. Ke7 Nd6 1/2-1/2